Writing for English majors

Đã lưu trong:
Chi tiết về thư mục
Định dạng: Sách
Được phát hành: 2006
Các nhãn: Thêm thẻ
Không có thẻ, Là người đầu tiên thẻ bản ghi này!
Thư viện lưu trữ: Mạng thư viện Đại học Đà Nẵng
LEADER 00442nam a22001811a 4500
001 000038124
003 14419
005 20160412021227.0
008 160412s2006 000
082 |a 4A(07)1705-08 
245 |a Writing for English majors  |c Nguyen Thị Vân 
260 |c 2006 
OWN |a LNN 
999 |a From the UDN01 
TYP |a Monograph 
980 |a Mạng thư viện Đại học Đà Nẵng